000 00792nam a2200241Ia 4500
005 20140903173618.0
008 130821s1989 ag gr spa
020 _a9501246248
040 _aCo-BoUCM
_bspa
041 0 0 _aspa
100 1 _aEtkin, Jorge
245 1 0 _aIdentidad de las organizaciones invariancia y cambio
_cJorge Etkin, Leonardo Schvarstein
260 _aBuenos Aires (Argentina)
_bPaidós
_c1989
300 _a316 páginas
490 _aGrupos e Instituciones
_v24
650 0 4 _aAdministración de empresas
_9435
650 0 4 _aCambio organizacional
_97360
650 0 4 _aOrganización
_920847
650 0 4 _aPlanificación estratégica
_921662
700 1 _aSchvarstein, Leonardo
942 _cLIBRO
_a16
_e1
_mE849i
_2DEWEY
_h658.1
999 _c51933
_d51933